LEADER 01231nam--2200361---450- 001 990003623730203316 005 20120215100812.0 010 $a88-14-15520-8 035 $a000362373 035 $aUSA01000362373 035 $a(ALEPH)000362373USA01 035 $a000362373 100 $a20120215d2010----km-y0itay50------ba 101 $aita 102 $aIT 105 $a||||||||001yy 200 1 $aConformità catastale e pubblicità immobiliare$el'art. 29, comma 1-bis, della Legge 27 febbraio 1985, n. 52$fGaetano Petrelli 210 $aMilano$cGiuffrè$d2010 215 $aVI, 121 p.$d24 cm 225 2 $aQuaderni della Rivista del notariato$v13 410 0$12001$aQuaderni della Rivista del notariato$v13 606 1 $aPubblicità immobiliare$xLegislazione [:] Italia . Legge 1985 n. 52$2BNCF 676 $a346.450438 700 1$aPETRELLI,$bGaetano$0235082 801 0$aIT$bsalbc$gISBD 912 $a990003623730203316 951 $aXXV.1. Coll. 45/ 8$b69444 G.$cXXV.1. Coll. 45/$d00306367 959 $aBK 969 $aGIU 979 $aIANNONE$b90$c20120215$lUSA01$h1007 979 $aIANNONE$b90$c20120215$lUSA01$h1008 996 $aConformità catastale e pubblicità immobiliare$91136984 997 $aUNISA LEADER 01379nas 22004453- 450 001 9910893057203321 005 20260324110624.0 011 $a0519-2617 035 $a(CKB)991042746893440 035 $a(CONSER)sn-86008989- 035 $a(DE-599)3204058-1 035 $a(EXLCZ)99991042746893440 100 $a20751101a19uu9999 --- b 101 0 $alit 181 $ctxt$2rdacontent 182 $cc$2rdamedia 183 $acr$2rdacarrier 200 10$aAteitis 210 $aChicago$cLithuanian Roman Catholic Federation Ateitis 215 $a1 online resource 300 $a"Ateitinink? Federacijos leid?iamas Kataliki?kos-Lietuvi?kos Orientacijos ?urnalas." 311 08$aPrint version: Ateitis (Chicago, Ill.) (DLC)sn 86008989 (OCoLC)1781947 531 0 $aAteitis 606 $aCatholics$vPeriodicals 606 $aLithuanian Americans$vPeriodicals 606 $aCatholics$2fast$3(OCoLC)fst00849297 606 $aLithuanian Americans$2fast$3(OCoLC)fst01000343 608 $aPeriodicals.$2fast 615 0$aCatholics 615 0$aLithuanian Americans 615 7$aCatholics. 615 7$aLithuanian Americans. 676 $a947 712 02$aLietuviu Kataliki?kojo Jaunimo. 712 02$aAteitininkai. 906 $aJOURNAL 912 $a9910893057203321 920 $aexl_impl conversion 996 $aAteitis$94243033 997 $aUNINA